Bandila : (Record no. 292252)
[ view plain ]
| 000 -LEADER | |
|---|---|
| fixed length control field | 00636nam a2200229Ia 4500 |
| 008 - FIXED-LENGTH DATA ELEMENTS--GENERAL INFORMATION | |
| fixed length control field | 160319s9999 xx 000 0 und d |
| 020 ## - INTERNATIONAL STANDARD BOOK NUMBER | |
| International Standard Book Number | 9716300891 |
| 050 ## - LIBRARY OF CONGRESS CALL NUMBER | |
| Classification number | 929.92 |
| 050 ## - LIBRARY OF CONGRESS CALL NUMBER | |
| Item number | M518b 1998 |
| 100 ## - MAIN ENTRY--PERSONAL NAME | |
| Personal name | Melchor, Merci |
| 245 ## - TITLE STATEMENT | |
| Title | Bandila : |
| 245 ## - TITLE STATEMENT | |
| Remainder of title | the story of the Philippine flag / |
| 245 ## - TITLE STATEMENT | |
| Statement of responsibility, etc | by Merci Melchor ; pictures by Auri Asuncion Yambao. |
| 260 ## - PUBLICATION, DISTRIBUTION, ETC. (IMPRINT) | |
| Place of publication, distribution, etc | Manila : |
| 260 ## - PUBLICATION, DISTRIBUTION, ETC. (IMPRINT) | |
| Name of publisher, distributor, etc | Tahanan Books for Young Readers |
| 260 ## - PUBLICATION, DISTRIBUTION, ETC. (IMPRINT) | |
| Date of publication, distribution, etc | 1998 |
| 300 ## - PHYSICAL DESCRIPTION | |
| Extent | [50] p. : |
| 300 ## - PHYSICAL DESCRIPTION | |
| Other physical details | col. ill. ; |
| 300 ## - PHYSICAL DESCRIPTION | |
| Dimensions | 17 x 26 cm. |
| 650 ## - SUBJECT ADDED ENTRY--TOPICAL TERM | |
| Topical term or geographic name as entry element | Flags -- Philippines -- History -- |
| 650 ## - SUBJECT ADDED ENTRY--TOPICAL TERM | |
| General subdivision | Juvenile literature. |
| Withdrawn status | Lost status | Damaged status | Home library | Current library | Shelving location | Date acquired | Total Checkouts | Full call number | Barcode | Date last seen | Price effective from | Koha item type |
|---|---|---|---|---|---|---|---|---|---|---|---|---|
| Stonyhurst Southville International School (Batangas) | Stonyhurst Southville International School (Batangas) | Filipiniana Section | 03/19/2016 | Fil 929.92 M518b 1998 | LS 1167 | 03/19/2016 | 03/19/2016 | Books |